000 00258nam a2200097Ia 4500
008 190216s9999||||xx |||||||||||||| ||und||
100 _aNull
245 0 _aHindi-Hindi Nadak Mein Patra Kalpana Aur Charitra Chitram
260 _bSandhy Pubs.Calicut
942 _cBK
999 _c17534
_d17534